Die Allgemeine Kunstwissenschaft (1906-1943)

Gespeichert in:
Bibliographische Detailangaben
VerfasserIn: Collenberg-Plotnikov, Bernadette (HerausgeberIn)
Körperschaft: Felix Meiner Verlag (Verlag)
Dokumenttyp: Buch
Sprache:German
Veröffentlicht: Hamburg : Felix Meiner Verlag , [2021]
Schriftenreihe:Zeitschrift für Ästhetik und Allgemeine Kunstwissenschaft Sonderheft
Schlagwörter:
Bibliogr. Hinweis:Rezensiert in: [Rezension von: Bernadette Collenberg-Plotnikov, Die Allgemeine Kunstwissenschaft (1906-1943)]
Verantwortlich:von Bernadette Collenberg-Plotnikov
LEADER 03876cam a2200661 ca4500
001 1759421510
003 DE-627
005 20260418020107.0
007 tu
008 210602m20212021gw ||||| 00| ||ger c
016 7 |a 1227184204  |2 DE-101 
020 |a 9783787336487  |q Broschur : circa EUR 104.99  |9 978-3-7873-3648-7 
020 |a 3787336486  |9 3-7873-3648-6 
035 |a (DE-627)1759421510 
035 |a (DE-603)48024913X 
035 |a (DE-599)KXP1759421510 
035 |a (OCoLC)1267473724 
040 |a DE-627  |b ger  |c DE-627  |e rda 
041 |a ger 
044 |c XA-DE-HH 
082 0 4 |a 100  |a 700  |q DE-101 
084 |a KUNST  |q DE-16  |2 fid 
084 |a CI 1180  |2 rvk  |0 (DE-625)rvk/18366: 
084 |a CI 2133  |2 rvk  |0 (DE-625)rvk/18384:11602 
084 |a CI 2147  |2 rvk  |0 (DE-625)rvk/18384:11616 
084 |a LH 62000  |2 rvk  |0 (DE-625)rvk/94235: 
084 |a 20.01  |2 bkl 
084 |a 20.03  |2 bkl 
100 1 |a Collenberg-Plotnikov, Bernadette  |d 1963-  |e VerfasserIn  |e HerausgeberIn  |0 (DE-588)12076640X  |0 (DE-627)080876021  |0 (DE-576)166844756  |4 aut  |4 edt 
245 1 4 |a Die Allgemeine Kunstwissenschaft (1906-1943)  |c von Bernadette Collenberg-Plotnikov 
264 1 |a Hamburg  |b Felix Meiner Verlag  |c [2021] 
336 |a Text  |b txt  |2 rdacontent 
337 |a ohne Hilfsmittel zu benutzen  |b n  |2 rdamedia 
338 |a Band  |b nc  |2 rdacarrier 
490 0 |a Zeitschrift für Ästhetik und Allgemeine Kunstwissenschaft  |a Sonderheft 
500 |a 2 Bände 2021 
650 0 7 |0 (DE-588)4120632-0  |0 (DE-627)105775118  |0 (DE-576)209536748  |a Kunstwissenschaft  |2 gnd 
650 0 7 |0 (DE-588)4000626-8  |0 (DE-627)106400541  |0 (DE-576)208838821  |a Ästhetik  |2 gnd 
689 0 0 |d s  |0 (DE-588)4120632-0  |0 (DE-627)105775118  |0 (DE-576)209536748  |a Kunstwissenschaft  |2 gnd 
689 0 1 |d s  |0 (DE-588)4117665-0  |0 (DE-627)105797499  |0 (DE-576)209511842  |a Wissenschaftstheorie  |2 gnd 
689 0 2 |a z  |2 gnd  |a Geschichte 1906-1943 
689 0 |5 (DE-627) 
710 2 |a Felix Meiner Verlag  |e Verlag  |0 (DE-588)5020777-5  |0 (DE-627)103084282  |0 (DE-576)193667568  |4 pbl 
787 0 8 |i Rezensiert in  |a Bonneau, Lara, 1985 -   |t [Rezension von: Bernadette Collenberg-Plotnikov, Die Allgemeine Kunstwissenschaft (1906-1943)]  |d 2022  |w (DE-627)1876579188 
936 r v |a CI 1180  |b Geschichte  |k Philosophie  |k Geschichte der Philosophie  |k Geschichte der Philosophie des Abendlandes von Antike bis 20. Jahrhundert  |k Philosophie des 20. Jahrhunderts  |k Deutschland und deutschsprachige Länder  |k Geschichte  |0 (DE-627)1270648330  |0 (DE-625)rvk/18366:  |0 (DE-576)200648330 
936 r v |a CI 2133  |b Anthologien, Auszüge  |k Philosophie  |k Geschichte der Philosophie  |k Geschichte der Philosophie des Abendlandes von Antike bis 20. Jahrhundert  |k Philosophie des 20. Jahrhunderts  |k Deutschland und deutschsprachige Länder  |k Autoren  |k Autoren D  |k Dessoir, Max  |k Anthologien, Auszüge  |0 (DE-627)1273564820  |0 (DE-625)rvk/18384:11602  |0 (DE-576)203564820 
936 r v |a CI 2147  |b Abhandlungen, Studien  |k Philosophie  |k Geschichte der Philosophie  |k Geschichte der Philosophie des Abendlandes von Antike bis 20. Jahrhundert  |k Philosophie des 20. Jahrhunderts  |k Deutschland und deutschsprachige Länder  |k Autoren  |k Autoren D  |k Dessoir, Max  |k Abhandlungen, Studien  |0 (DE-627)1273564944  |0 (DE-625)rvk/18384:11616  |0 (DE-576)203564944 
936 r v |a LH 62000  |b Allgemeines (Berufsfragen s. LH 61190)  |k Kunstgeschichte  |k Allgemeines. Allgemeine Kunstgeschichte  |k Geschichte der Kunstwissenschaft  |k Allgemeines (Berufsfragen s. LH 61190)  |0 (DE-627)1271071983  |0 (DE-625)rvk/94235:  |0 (DE-576)201071983 
936 b k |a 20.01  |j Geschichte der Kunstwissenschaften  |0 (DE-627)106406485 
936 b k |a 20.03  |j Methoden und Techniken der Kunstwissenschaften  |0 (DE-627)10640637X 
936 s n |a l300  |2 mzub 
936 s n |a c100  |2 mzub 
951 |a MC 
990 |a Kunstwissenschaft 
990 |a Wissenschaftstheorie 
990 |a Geschichte 1906-1943 
991 |a Rezensiertes Werk 
999 |a KXP-PPN1759421510  |e 4967428673